Economics survey of Europe in 1970 : (Record no. 113390)

MARC details
000 -LEADER
fixed length control field 00512nam a22001697a 4500
003 - CONTROL NUMBER IDENTIFIER
control field BD-ChCU
005 - DATE AND TIME OF LATEST TRANSACTION
control field 20260617124328.0
008 - FIXED-LENGTH DATA ELEMENTS--GENERAL INFORMATION
fixed length control field 260617b bg ||||| |||| 00| 0 ben d
040 ## - CATALOGING SOURCE
Transcribing agency BD-ChCU
082 ## - DEWEY DECIMAL CLASSIFICATION NUMBER
Classification number 330.94 UNE
100 ## - MAIN ENTRY--PERSONAL NAME
Personal name UNITED Nations.
9 (RLIN) 23816
245 ## - TITLE STATEMENT
Title Economics survey of Europe in 1970 :
Remainder of title the European economy in 1970 ./
Statement of responsibility, etc. UNITED Nations .
260 ## - PUBLICATION, DISTRIBUTION, ETC.
Place of publication, distribution, etc. New York :
Name of publisher, distributor, etc. UNITED Nations ,
Date of publication, distribution, etc. C 1971
300 ## - PHYSICAL DESCRIPTION
Extent Pt . 2 .
650 #0 - SUBJECT ADDED ENTRY--TOPICAL TERM
Topical term or geographic name entry element Europe - Economic Conditions .
9 (RLIN) 23818
942 ## - ADDED ENTRY ELEMENTS (KOHA)
Source of classification or shelving scheme Dewey Decimal Classification
Koha item type Books
Suppress in OPAC No
Holdings
Withdrawn status Lost status Source of classification or shelving scheme Damaged status Not for loan Home library Current library Shelving location Date acquired Source of acquisition Total Checkouts Full call number Barcode Date last seen Copy number Price effective from Koha item type Public note
    Dewey Decimal Classification     Chittagong University Library Chittagong University Library Business and Social Science Reading Room 17/06/2026 Purchase   330.94 UNE 23321 17/06/2026 C-1 17/06/2026 Books Pt .2 :
© Copyright 2026. Chittagong University Library, Installation and Maintenance by Prof. Dr. Md. Alamgir, 01711306253